LEADER 00985nam 2200265la 450 001 9910482460403321 005 20221102161705.0 035 $a(UK-CbPIL)2090364359 035 $a(CKB)5500000000092570 035 $a(EXLCZ)995500000000092570 100 $a20221102d1549 uy | 101 0 $alat 135 $aurcn||||a|bb| 200 10$aArrigo Cornelio Agrippa Della vanita? delle scienze / Tradotto per M. Lodovico Dominichi. Con gratia & priuilegio per anni x 210 $aVenice $cAnton Francesco Doni, 1545-1552$d1549 215 $aOnline resource ([8] l., 204 numb. l , (8vo)) 300 $aReproduction of original in The Wellcome Library, London. 700 $aAgrippa$b Heinrich Cornelius $cvon Nettesheim,$f1486?-1535.$01891664 701 $aDomenichi$b Lodovico$f1515-1564.$075248 801 0$bUk-CbPIL 801 1$bUk-CbPIL 906 $aBOOK 912 $a9910482460403321 996 $aArrigo Cornelio Agrippa Della vanita? delle scienze$94537963 997 $aUNINA